Development of the theory of international trade
Charakteristika klasických teórií medzinárodného obchodu. Teória absolútnych výhod. Teória komparatívnych výhod. Medzinárodný výmenný pomer. Neoklasické teórie medzinárodného obchodu. Ďalšie teórie medzinárodného obchodu. Nové teórie medzinárodného obchodu. Protekcionizmus v teóriách medzinárodného...
Enregistré dans:
| Auteur principal: | |
|---|---|
| Format: | Chapitre de livre |
| Langue: | slovaque |
| Sujets: | |
| Tags: |
Pas de tags, Soyez le premier à ajouter un tag!
|
MARC
| LEADER | 00000nla a2200000 4500 | ||
|---|---|---|---|
| 001 | 0197243 | ||
| 005 | 20240502073331.1 | ||
| 041 | 0 | |a slo | |
| 044 | |a SK | ||
| 245 | 1 | 0 | |a Development of the theory of international trade |c Pavol Skalák |
| 520 | |a Charakteristika klasických teórií medzinárodného obchodu. Teória absolútnych výhod. Teória komparatívnych výhod. Medzinárodný výmenný pomer. Neoklasické teórie medzinárodného obchodu. Ďalšie teórie medzinárodného obchodu. Nové teórie medzinárodného obchodu. Protekcionizmus v teóriách medzinárodného obchodu. | ||
| 610 | 2 | 0 | |a obchod medzinárodný |
| 610 | 2 | 0 | |a obchod zahraničný |
| 610 | 2 | 0 | |a kapitál |
| 610 | 2 | 0 | |a statky kapitálové |
| 610 | 2 | 0 | |a teórie ekonomické |
| 610 | 2 | 0 | |a protekcionizmus |
| 100 | 1 | |a Skalák, Pavol | |